| 000 | 00383 a2200169 4500 | ||
|---|---|---|---|
| 001 | 145483 | ||
| 040 | _cLeonardo Da Vinci | ||
| 041 | _aPortuguês | ||
| 082 |
_a749.98 K92a _bK92a |
||
| 100 | _aARAUJO, Emanoel | ||
| 245 | _aBonadei | ||
| 260 |
_bRaízes Artes Gráficas _c1978 _aSão Paulo |
||
| 300 | _a125 | ||
| 362 | _a19780000 | ||
| 697 |
_aImagens _aCulturas |
||
| 942 | _cBK | ||
| 999 |
_c145483 _d145483 |
||